[Event "Titled Tue 20th May Early"]
[Site "chess.com INT"]
[Date "2025.05.20"]
[Round "11"]
[White "Bodemar, Jonathan"]
[Black "Chaulagain, Purusottam"]
[Result "1-0"]
[WhiteTitle "CM"]
[BlackTitle "CM"]
[WhiteElo "2150"]
[BlackElo "1898"]
[WhiteFideId "6205488"]
[BlackFideId "12300730"]
[EventDate "2025.05.20"]

1. e4 d5 2. exd5 Qxd5 3. Nc3 Qa5 4. d4 Nf6 5. Nf3 Bf5 6. Bc4 e6 7. O-O Nc6 8. a3
O-O-O 9. Be3 Nd5 10. Nxd5 exd5 11. Bd3 Be4 12. Bxe4 dxe4 13. Ng5 Qf5 14. f3 Nxd4
15. fxe4 Qb5 16. Qg4+ f5 17. exf5 Nxc2 18. f6+ Kb8 19. Rad1 Rxd1 20. Rxd1 Bd6
21. fxg7 Rg8 22. Qe6 Rxg7 23. Rxd6 cxd6 24. Qxd6+ Kc8 25. Ne6 Rxg2+ 26. Kxg2
Qe2+ 27. Bf2 Qg4+ 28. Bg3 Qe4+ 29. Kh3 Qf5+ 30. Kh4 Qf6+ 31. Ng5 Qh6+ 32. Qxh6
a6 33. Qf8+ Kd7 34. Qf7+ Kc6 35. Qe6+ Kb5 36. Qb3+ Nb4 37. Qxb4+ Kc6 38. Qd6+
Kb5 39. Ne4 b6 40. Qd5+ Ka4 41. Qc4+ Ka5 42. Qb4# 1-0

[Event "Titled Tue 20th May Early"]
[Site "chess.com INT"]
[Date "2025.05.20"]
[Round "11"]
[White "Kawka, Milena"]
[Black "Lyutsinger, Iren"]
[Result "0-1"]
[WhiteTitle "WCM"]
[BlackTitle "FM"]
[WhiteElo "2004"]
[BlackElo "2266"]
[WhiteFideId "21095167"]
[BlackFideId "34425969"]
[EventDate "2025.05.20"]

1. e4 c5 2. Nf3 d6 3. Bb5+ Bd7 4. Bxd7+ Qxd7 5. c4 Nf6 6. Nc3 Nc6 7. d4 cxd4 8.
Nxd4 e6 9. O-O Be7 10. h3 O-O 11. Be3 Rac8 12. Rc1 Rfd8 13. b3 d5 14. exd5 exd5
15. cxd5 Nxd5 16. Nxd5 Qxd5 17. Nxc6 bxc6 18. Qe2 Bf6 19. Rfd1 Qe4 20. Rc4 Qe6
21. Rdc1 h6 22. Qf3 Rd5 23. Bxa7 Bb2 24. Rd1 Ra8 25. Ra4 Qd7 26. Rxd5 cxd5 27.
Qe2 Bf6 28. Be3 Rxa4 29. bxa4 d4 30. Bf4 d3 31. Qd2 g5 32. Be3 Qd5 33. a5 Qc4
34. a6 Bc3 35. Qd1 Qxa6 36. a4 Qc4 37. a5 Bxa5 38. Kh2 f5 39. Bd2 Bc7+ 40. g3
Qc2 41. Qxc2 dxc2 42. Bc1 Kf7 43. Kg2 Ke6 44. Kf3 Kd5 45. Ke2 Kc4 46. Kd2 Kb3
47. Kd3 Bb6 48. h4 Bxf2 49. hxg5 hxg5 50. Bxg5 Kb2 51. Bd2 Bxg3 52. Bc3+ Kb1 53.
Bd2 c1=Q 54. Bxc1 Kxc1 55. Ke3 f4+ 56. Kf3 Kd2 57. Kg2 Ke2 58. Kh3 Be1 59. Kg2
f3+ 60. Kh1 f2 61. Kh2 Ba5 62. Kg3 Bc7+ 63. Kh4 f1=Q 64. Kg5 Qf4+ 65. Kg6 Qg4+
66. Kh7 Be5 67. Kh6 Bg7+ 68. Kh7 Bf8 0-1

[Event "Titled Tue 20th May Early"]
[Site "chess.com INT"]
[Date "2025.05.20"]
[Round "11"]
[White "Perez Rojas, Jorge"]
[Black "Laddha, Shubh Jayesh"]
[Result "0-1"]
[WhiteTitle "FM"]
[BlackTitle "FM"]
[WhiteElo "2100"]
[BlackElo "2303"]
[WhiteFideId "3452093"]
[BlackFideId "30942799"]
[EventDate "2025.05.20"]

1. e4 c5 2. Nf3 d6 3. Nc3 Nf6 4. d4 cxd4 5. Qxd4 Nc6 6. Bb5 Bd7 7. Qe3 g6 8. h3
Bg7 9. O-O O-O 10. Rd1 Qb6 11. Qxb6 axb6 12. Be3 Be6 13. Bxb6 Nb4 14. Nd4 Nh5
15. Nxe6 fxe6 16. Bc4 Nf4 17. g3 Nxh3+ 18. Kg2 Ng5 19. f4 Nxe4 20. Bxe6+ Kh8 21.
Nxe4 Nxc2 22. Rac1 Nb4 23. a3 Nc6 24. Rd2 Ra4 25. Ng5 h6 26. Nf3 Bf6 27. Rh1 Kg7
28. Re1 g5 29. fxg5 hxg5 30. g4 Ne5 31. Nd4 Nc4 32. Nf5+ Kg6 33. Rh1 Rh8 34.
Rxh8 Bxh8 35. Bxc4 Rxc4 36. Nxe7+ Kf7 37. Nf5 Rxg4+ 38. Kh3 Rf4 39. Nxd6+ Ke6
40. Nxb7 Be5 41. Nc5+ Ke7 42. Nd3 Rh4+ 43. Kg2 Rh2+ 44. Kf3 Rxd2 45. Nxe5 Rxb2
46. Bc5+ Ke6 47. Nc4 Rc2 48. Be3 Rxc4 49. Bxg5 Rc3+ 50. Ke4 Rxa3 51. Be3 Ra4+
52. Bd4 Rb4 53. Kd3 Kd5 54. Bc3 Rh4 55. Kc2 Kc4 56. Bd2 Rh2 57. Kc1 Kd3 58. Bg5
Rc2+ 59. Kb1 Kc3 60. Bf6+ Kb3 61. Bg7 Rg2 62. Bh6 Rg1+ 63. Bc1 Rh1 0-1

[Event "Titled Tue 20th May Early"]
[Site "chess.com INT"]
[Date "2025.05.20"]
[Round "11"]
[White "Nihal, Sarin"]
[Black "Andreikin, Dmitry"]
[Result "0-1"]
[WhiteTitle "GM"]
[BlackTitle "GM"]
[WhiteElo "2693"]
[BlackElo "2695"]
[WhiteFideId "25092340"]
[BlackFideId "4158814"]
[EventDate "2025.05.20"]

1. a3 d5 2. Nf3 Bg4 3. e3 c6 4. c4 e6 5. cxd5 exd5 6. b4 Qf6 7. Nc3 Bd6 8. Bb2
Qh6 9. h3 Nf6 10. Be2 O-O 11. Nd4 Bd7 12. g4 Qg6 13. f4 Re8 14. Qb3 Ne4 15. Nxe4
Qxe4 16. O-O Na6 17. Bd3 Qe7 18. Qc2 h6 19. Bh7+ Kh8 20. Bf5 Nc7 21. Bxd7 Qxd7
22. Nf5 Bf8 23. Nxh6 Qe6 24. Nf5 Rad8 25. Be5 Nb5 26. a4 Nd6 27. Nxd6 Bxd6 28.
Bc3 Be7 29. g5 Qxh3 30. Rf2 Kg8 31. Rg2 d4 32. Bxd4 Bxb4 33. Bxg7 Rxd2 34. Rxd2
Bxd2 35. Qxd2 Qg3+ 36. Kf1 Kxg7 37. Re1 Rh8 38. Qb2+ Kg8 39. Qg2 Qh4 40. Ke2
Qh5+ 41. Kf2 Qh4+ 42. Ke2 Qh5+ 43. Kf2 Qg6 44. Re2 Qb1 45. Kg3 Rh1 46. Kf3 Rf1+
47. Rf2 Qd1+ 0-1

[Event "Titled Tue 20th May Early"]
[Site "chess.com INT"]
[Date "2025.05.20"]
[Round "11"]
[White "Gkavardinas, Antonios"]
[Black "Popov, Tikhon"]
[Result "1-0"]
[WhiteTitle "FM"]
[BlackTitle "CM"]
[WhiteElo "2313"]
[BlackElo "2173"]
[WhiteFideId "25883097"]
[BlackFideId "24252026"]
[EventDate "2025.05.20"]

1. e4 Nc6 2. d4 d5 3. e5 Bf5 4. c3 e6 5. Bd3 Nge7 6. Ne2 h5 7. h4 Bxd3 8. Qxd3
Nf5 9. Bg5 Be7 10. Bxe7 Ncxe7 11. Nd2 g6 12. Nf3 Rc8 13. Ng5 c5 14. Qb5+ Rc6 15.
dxc5 O-O 16. Nd4 Nxd4 17. cxd4 Nf5 18. Nf3 Qc7 19. O-O b6 20. b4 Rb8 21. Qd3
bxc5 22. bxc5 Rb4 23. a3 Ra4 24. Rab1 Kg7 25. Rb3 Rca6 26. Rfb1 Qd8 27. g3 Ne7
28. Rb8 Rxa3 29. Qc2 Qxb8 30. Rxb8 Rxf3 31. Kg2 Nc6 32. Qe2 Rfa3 33. Rb7 Nxd4
34. Qd2 R6a4 35. Qg5 Rf3 36. Rb2 Rc4 37. Qe7 Rf5 38. Qe8 Rc2 39. Rxc2 Nxc2 40.
c6 Ne1+ 41. Kf1 Nd3 42. c7 Rxf2+ 43. Kg1 Rc2 44. c8=Q Rxc8 45. Qxc8 Nxe5 46. Qb8
Kf6 47. Qxa7 Kf5 48. Qf2+ Ke4 49. Qf4+ 1-0

[Event "Titled Tue 20th May Early"]
[Site "chess.com INT"]
[Date "2025.05.20"]
[Round "11"]
[White "Begmuratov, Alisher"]
[Black "Mattenberger, Matthias"]
[Result "1/2-1/2"]
[WhiteTitle "FM"]
[BlackTitle "FM"]
[WhiteElo "2395"]
[BlackElo "2286"]
[WhiteFideId "14203367"]
[BlackFideId "1339958"]
[EventDate "2025.05.20"]

1. Nf3 Nf6 2. g3 g6 3. b3 Bg7 4. Bb2 d5 5. Bg2 c5 6. O-O O-O 7. c4 d4 8. b4 Re8
9. bxc5 e5 10. d3 Na6 11. Nbd2 Nxc5 12. a4 Bf5 13. Ba3 Rc8 14. Bxc5 Rxc5 15. Nb3
Rc7 16. Nfd2 Bf8 17. Rb1 b6 18. a5 Bc5 19. axb6 axb6 20. Nxc5 bxc5 21. Rb6 e4
22. Rxf6 Qxf6 23. Bxe4 Rce7 24. Bxf5 Qxf5 25. Ne4 h5 26. h4 Rxe4 27. dxe4 Qxe4
28. Re1 g5 29. Qd2 gxh4 30. Qg5+ Qg6 31. Qxg6+ fxg6 32. gxh4 Re4 33. Kg2 Rxh4
34. Ra1 Re4 35. Kf3 Re5 36. Ra7 Rf5+ 37. Kg3 Rf7 38. Ra5 Rc7 39. Ra6 Kg7 40. Re6
Kf7 41. Re5 Kf6 42. f4 Re7 43. Rxc5 Rxe2 44. Rd5 Rd2 45. c5 d3 46. c6 Rc2 47.
Rxd3 Rxc6 48. Rd5 Re6 49. Ra5 Rd6 50. Kf3 Rb6 51. Ke4 Rb4+ 52. Kf3 Rb3+ 53. Kf2
Ke6 54. Rg5 Kf6 55. Ra5 Rd3 56. Kg2 Rd8 57. Kf3 Ke6 58. Rg5 Rg8 59. f5+ Kf6 60.
Rxg6+ Rxg6 61. fxg6 Kxg6 62. Kg3 h4+ 63. Kh2 h3 64. Kh1 h2 65. Kg2 h1=Q+ 66.
Kxh1 1/2-1/2

[Event "Titled Tue 20th May Early"]
[Site "chess.com INT"]
[Date "2025.05.20"]
[Round "11"]
[White "Gelman, Alexander"]
[Black "Nimmy, A.G."]
[Result "1-0"]
[WhiteTitle "IM"]
[BlackTitle "WIM"]
[WhiteElo "2403"]
[BlackElo "1990"]
[WhiteFideId "4118316"]
[BlackFideId "5015308"]
[EventDate "2025.05.20"]

1. d4 d5 2. Nc3 Nf6 3. Bf4 e6 4. Nb5 Na6 5. e3 c6 6. Nc3 Nc7 7. Nf3 Bd6 8. Ne5
O-O 9. Qf3 c5 10. dxc5 Bxc5 11. Bd3 a6 12. O-O-O b5 13. Qh3 b4 14. Ne2 g6 15.
Nd4 Nd7 16. Nec6 Qe8 17. Bxc7 e5 18. Nf5 e4 19. Be2 Nf6 20. Qh4 Qxc6 21. Nh6+
Kg7 22. Be5 Be7 23. g4 Bd7 24. g5 Bd8 25. Bxf6+ Bxf6 26. gxf6+ Kh8 27. Qg5 Rac8
28. Rd2 Qa4 29. Kb1 Be6 30. b3 Qa3 31. Bg4 Bxg4 32. Nxg4 a5 33. Ne5 Rc7 34. h4
a4 35. h5 axb3 36. cxb3 Rfc8 37. Nc4 dxc4 38. hxg6 fxg6 39. f7 Rxf7 40. Qxg6 Rg7
41. Qf5 Rcg8 42. Qe5 cxb3 43. f4 bxa2+ 44. Ka1 Qc3+ 45. Qxc3 bxc3 46. Rc2 Rg2
47. Rxc3 1-0

[Event "Titled Tue 20th May Early"]
[Site "chess.com INT"]
[Date "2025.05.20"]
[Round "11"]
[White "Bortnyk, Olexandr"]
[Black "Amangeldy, Ernur"]
[Result "0-1"]
[WhiteTitle "GM"]
[BlackTitle "FM"]
[WhiteElo "2601"]
[BlackElo "2231"]
[WhiteFideId "14120828"]
[BlackFideId "13720244"]
[EventDate "2025.05.20"]

1. d4 Nf6 2. Nc3 d5 3. Bf4 a6 4. e3 e6 5. a3 c5 6. Nf3 Nc6 7. Bd3 Bd6 8. dxc5
Bxc5 9. O-O Bd6 10. Bxd6 Qxd6 11. e4 d4 12. Ne2 e5 13. h3 O-O 14. Ng3 Be6 15.
Qd2 Rac8 16. Nh4 Ne7 17. f4 exf4 18. Rxf4 Ng6 19. Nxg6 hxg6 20. Raf1 Qe5 21. Qf2
g5 22. Rxf6 Qxf6 23. Qxf6 gxf6 24. Rxf6 Rc5 25. b4 Rc3 26. Ne2 Kg7 27. e5 Rxa3
28. Nxd4 Ra1+ 29. Kh2 Re8 30. Kg3 a5 31. bxa5 Rxa5 32. Nf3 Rxe5 33. Rg6+ fxg6
34. Nxe5 Bf5 35. Nf3 Bxd3 36. cxd3 b5 37. Kf2 b4 38. Nd4 Kf6 39. Kf3 Rb8 40. Nb3
Ke5 41. Ke3 Kd5 42. Kd2 Rf8 43. Ke2 Ra8 44. Nc1 Kd4 45. Kd2 Ra3 46. Ne2+ Kd5 47.
Nc1 Ra8 48. Ke2 Rc8 49. Kd2 Rf8 50. Ke2 Kd4 51. Nb3+ Kc3 52. Nc5 b3 53. Ke3 b2
54. Na4+ Kb3 55. Nxb2 Kxb2 56. d4 Kc3 57. d5 Kc4 58. Ke4 Re8+ 59. Kf3 Kxd5 0-1

[Event "Titled Tue 20th May Early"]
[Site "chess.com INT"]
[Date "2025.05.20"]
[Round "11"]
[White "Ostanin, Vadim"]
[Black "Klukin, Kirill"]
[Result "0-1"]
[WhiteTitle "FM"]
[BlackTitle "IM"]
[WhiteElo "2317"]
[BlackElo "2407"]
[WhiteFideId "24125016"]
[BlackFideId "24199273"]
[EventDate "2025.05.20"]

1. e4 c5 2. Nf3 g6 3. c3 Bg7 4. d4 cxd4 5. cxd4 d5 6. e5 a6 7. h3 Nc6 8. Nc3 f6
9. Bf4 fxe5 10. Nxe5 Nxe5 11. Bxe5 Bxe5 12. dxe5 e6 13. Bd3 Nh6 14. Qe2 Bd7 15.
h4 Nf7 16. f4 Qb6 17. Qf2 Qxf2+ 18. Kxf2 Rf8 19. Rae1 Nh6 20. g3 Ke7 21. Rc1
Rac8 22. Ne2 Ng4+ 23. Kg2 Ne3+ 24. Kf3 Nc4 25. Bxc4 dxc4 26. Rhd1 Bc6+ 27. Ke3
b5 28. Rd6 Rfd8 29. Rcd1 Bb7 30. a3 Rxd6 31. Rxd6 Ra8 32. Kd4 Bf3 33. Nc3 Ra7
34. Na2 a5 35. Rb6 Rd7+ 36. Ke3 Rd3+ 37. Kf2 Rb3 38. Nc3 b4 39. axb4 axb4 40.
Na4 Bd5 41. h5 gxh5 42. Ra6 h4 43. gxh4 Rf3+ 44. Ke2 Rxf4 45. Ra7+ Kd8 46. Nc5
c3 47. bxc3 bxc3 48. Rxh7 c2 49. Nd3 Bc4 50. Kd2 Bxd3 51. Rh8+ Kd7 0-1

[Event "Titled Tue 20th May Early"]
[Site "chess.com INT"]
[Date "2025.05.20"]
[Round "11"]
[White "Bigabylov, Zhuban"]
[Black "Dyulgerov, Volen"]
[Result "0-1"]
[WhiteTitle "FM"]
[BlackTitle "CM"]
[WhiteElo "2031"]
[BlackElo "2200"]
[WhiteFideId "13701495"]
[BlackFideId "2918978"]
[EventDate "2025.05.20"]

1. d4 e5 2. dxe5 d6 3. e4 Nc6 4. exd6 Bxd6 5. Nf3 Nf6 6. Nc3 O-O 7. Bg5 Re8 8.
Bd3 h6 9. Bh4 Bg4 10. h3 Bh5 11. g4 Bg6 12. Qe2 Bf4 13. Nd5 Bg5 14. Bxg5 hxg5
15. Nxf6+ Qxf6 16. O-O-O Qf4+ 17. Nd2 Rad8 18. Kb1 Nd4 19. Qe3 Qf6 20. h4 gxh4
21. g5 Qc6 22. Rxh4 Nf5 23. Rdh1 Nxh4 24. Rxh4 b5 25. Qh3 Kf8 26. b3 b4 27. Nc4
Qd7 28. Qg3 Qd4 29. Rh8+ Ke7 30. Qxc7+ Rd7 31. Rxe8+ Kxe8 32. Qb8+ Ke7 33. Qxb4+
Kd8 34. Qf8+ Kc7 35. Qb4 Qxf2 36. a4 Qg1+ 37. Ka2 Qd4 38. Qa5+ Kb8 39. Qb5+ Rb7
40. Qe8+ Kc7 41. Na3 Qc3 42. Nb5+ Rxb5 43. Qxb5 Bh5 44. Ka3 Qa1+ 45. Kb4 Qe1+
46. Kc4 Bd1 0-1

[Event "Titled Tue 20th May Early"]
[Site "chess.com INT"]
[Date "2025.05.20"]
[Round "11"]
[White "Rahman, Masruri"]
[Black "Drygalov, Sergey"]
[Result "0-1"]
[WhiteTitle "FM"]
[BlackTitle "GM"]
[WhiteElo "2407"]
[BlackElo "2560"]
[WhiteFideId "7101163"]
[BlackFideId "24171743"]
[EventDate "2025.05.20"]

1. d4 Nf6 2. Bf4 g6 3. Nc3 d5 4. e3 Bg7 5. h4 h5 6. Nf3 O-O 7. Ne5 Nc6 8. Qd2
Ne4 9. Nxe4 dxe4 10. Nxc6 bxc6 11. Bc4 Rb8 12. Qa5 Rb7 13. O-O-O Bg4 14. Rd2 Qd7
15. Be5 Qf5 16. Bxc7 c5 17. Bf4 Bxd4 18. exd4 Qxf4 19. g3 Qf3 20. Re1 cxd4 21.
Bd5 Rd7 22. Bxe4 Qf6 23. Bd3 Be6 24. b3 Rd5 25. Qxa7 Kg7 26. Bc4 Rd7 27. Qc5
Bxc4 28. Qxc4 e5 29. Qb5 Re7 30. Kb1 e4 31. Rde2 Rfe8 32. Qc4 e3 33. fxe3 dxe3
34. Qd3 Qb6 35. c4 Kh7 36. Qc3 Qc5 37. b4 Qf5+ 38. Ka1 Qf3 39. c5 Qxg3 40. c6
Re4 41. b5 Qf4 42. c7 Rc4 43. Qb3 Rxc7 44. Rxe3 Qd4+ 45. Kb1 Rxe3 46. Rxe3 Qd2
47. Rd3 Rc1# 0-1

[Event "Titled Tue 20th May Early"]
[Site "chess.com INT"]
[Date "2025.05.20"]
[Round "11"]
[White "Weetik, Vjacheslav"]
[Black "Roberson, Peter T"]
[Result "1-0"]
[WhiteTitle "FM"]
[BlackTitle "IM"]
[WhiteElo "2423"]
[BlackElo "2440"]
[WhiteFideId "4153472"]
[BlackFideId "412384"]
[EventDate "2025.05.20"]

1. Nf3 d5 2. g3 g6 3. Bg2 Bg7 4. d4 Nf6 5. O-O O-O 6. c4 c6 7. Qb3 Ne4 8. Nfd2
dxc4 9. Qxc4 Nxd2 10. Nxd2 Qxd4 11. Qc2 Na6 12. Nb3 Qf6 13. Bd2 Qxb2 14. Qxb2
Bxb2 15. Rab1 Bf6 16. Na5 Rb8 17. Bf4 e5 18. Be3 Be6 19. Bxa7 Ra8 20. Rxb7 Bxa2
21. Nxc6 Rac8 22. Ra1 Bc4 23. e3 Nc7 24. Rc1 Be6 25. Bc5 Nd5 26. Bxf8 Kxf8 27.
Rb8 Rxb8 28. Nxb8 Nb4 29. Rc7 Kg7 30. Be4 Nd5 31. Bxd5 Bxd5 32. Nd7 Bd8 33. Rc5
Be6 34. Nxe5 h5 35. h4 Be7 36. Rb5 Kf6 37. f4 Bd6 38. e4 Kg7 39. Kg2 Ba3 40. Kf3
Bc1 41. Rb7 Bd2 42. Ke2 Bc3 43. Kd3 Be1 44. f5 gxf5 45. exf5 Bd5 46. Rd7 Ba2 47.
g4 hxg4 48. Nxg4 Bxh4 49. Ke4 Bb1+ 50. Kf4 Bf6 51. Nxf6 Kxf6 52. Rd6+ Ke7 53.
Rb6 Bd3 54. Ke5 Be4 55. Kxe4 1-0

[Event "Titled Tue 20th May Early"]
[Site "chess.com INT"]
[Date "2025.05.20"]
[Round "11"]
[White "Ermolaev, Evgeny"]
[Black "Neustroev, Victor"]
[Result "1-0"]
[WhiteTitle "FM"]
[BlackTitle "FM"]
[WhiteElo "2282"]
[BlackElo "2283"]
[WhiteFideId "24103195"]
[BlackFideId "4144147"]
[EventDate "2025.05.20"]

1. d4 d5 2. c4 c6 3. Nf3 Nf6 4. Nbd2 Bf5 5. Nh4 Be4 6. Qb3 Qb6 7. c5 Qc7 8. Nxe4
dxe4 9. Bf4 Qc8 10. Rd1 Nbd7 11. g3 e6 12. Bh3 Nd5 13. Bd2 a5 14. O-O Be7 15.
Ng2 O-O 16. Qc2 f5 17. f3 N7f6 18. Nf4 e3 19. Nxd5 Nxd5 20. Bc1 Qe8 21. Bg2 Qh5
22. f4 Rfd8 23. Bxd5 Rxd5 24. Bxe3 g5 25. fxg5 Bxg5 26. Bxg5 Qxg5 27. Qc3 a4 28.
Qf3 Rad8 29. e3 Kg7 30. Qf4 Qf6 31. Qf3 Qg5 32. Kg2 h5 33. h4 Qg4 34. Qxg4+ hxg4
35. Kf2 Kg6 36. Ke2 b6 37. Rc1 bxc5 38. Rxc5 Rxc5 39. dxc5 Rb8 40. Rb1 Rb5 41.
b3 axb3 42. Rxb3 Rxc5 43. Kd3 e5 44. Rc3 Rd5+ 45. Ke2 c5 46. a4 f4 47. exf4 exf4
48. gxf4 Rd4 49. Ra3 Rxf4 50. a5 Rf7 51. a6 Ra7 52. Ra5 Kh5 53. Rxc5+ Kxh4 54.
Ra5 Kh3 55. Kf1 1-0

[Event "Titled Tue 20th May Early"]
[Site "chess.com INT"]
[Date "2025.05.20"]
[Round "11"]
[White "Materia, Marco"]
[Black "Srihari, L"]
[Result "0-1"]
[WhiteTitle "IM"]
[BlackTitle "IM"]
[WhiteElo "2489"]
[BlackElo "2353"]
[WhiteFideId "45150451"]
[BlackFideId "46642056"]
[EventDate "2025.05.20"]

1. Nf3 Nf6 2. c4 g6 3. Nc3 Bg7 4. d4 d6 5. Bg5 O-O 6. e3 h6 7. Bh4 c5 8. d5 Qb6
9. Qd2 g5 10. Bg3 Nh5 11. Bd3 f5 12. O-O Nd7 13. Rab1 Ndf6 14. Qc2 Ng4 15. Ne2
e5 16. dxe6 Bxe6 17. h3 Ne5 18. Nxe5 dxe5 19. Nc3 Nxg3 20. fxg3 e4 21. Be2 Qd6
22. g4 Qg3 23. gxf5 Be5 24. Nxe4 Qh2+ 25. Kf2 Rxf5+ 26. Bf3 Raf8 27. Ke2 Rxf3
28. Rxf3 Qxg2+ 29. Rf2 Qxh3 30. Rxf8+ Kxf8 31. Rf1+ Kg7 32. Rf2 Qg4+ 33. Ke1 Bf5
34. Rxf5 Qxf5 35. Qg2 g4 36. Nd2 Qd7 37. Ke2 h5 38. b3 h4 39. Nf3 Bf6 40. Nh2 g3
41. Nf3 Qg4 42. Qh1 h3 43. Qd1 h2 44. Qh1 Be5 45. Qg2 Qh5 46. Qh1 Kh6 47. Kf1
Qh3+ 48. Ke2 g2 49. Qd1 h1=Q 50. Qd8 Qf1+ 51. Kd2 Qf2+ 52. Kd3 Qf5+ 53. e4
Q5xf3# 0-1

[Event "Titled Tue 20th May Early"]
[Site "chess.com INT"]
[Date "2025.05.20"]
[Round "11"]
[White "Khafizova, Diana"]
[Black "Ramu, K."]
[Result "1-0"]
[WhiteTitle "WFM"]
[BlackTitle "FM"]
[WhiteElo "2073"]
[BlackElo "2151"]
[WhiteFideId "34378049"]
[BlackFideId "5006171"]
[EventDate "2025.05.20"]

1. d4 Nf6 2. c4 g6 3. Nc3 Bg7 4. e4 d6 5. Nf3 O-O 6. Be2 e5 7. O-O Nc6 8. d5 Ne7
9. b4 Nh5 10. Re1 Nf4 11. Bf1 a5 12. bxa5 h6 13. a4 g5 14. Ba3 Neg6 15. c5 g4
16. Nd2 Rxa5 17. cxd6 cxd6 18. Nc4 Ra6 19. Nb5 Nh4 20. Ncxd6 Qg5 21. Kh1 Bd7 22.
Nxb7 Rg6 23. Nc5 Bc8 24. Bc1 Qh5 25. d6 Nhxg2 26. Bxg2 Nxg2 27. Kxg2 Qh3+ 28.
Kh1 g3 29. fxg3 Rxg3 30. Ra2 Bg4 31. d7 Bxd1 32. Rxd1 Rg4 33. Rf2 Qh4 34. Be3
Qh5 35. d8=Q Rxd8 36. Rxd8+ Kh7 37. Nd6 Rh4 38. Nf5 Rh3 39. Rg2 Bf6 40. Rd7 Rxe3
41. Nxe3 Bg5 42. Ng4 Qh3 43. Rxf7+ Kg6 44. Nxe5+ Kh5 45. Rf3 Qc8 46. Ned3 Qb8
47. e5 Qb1+ 48. Rg1 Qa2 49. e6 Qd5 50. Rf1 Be7 51. a5 Kg5 52. a6 Bxc5 53. Nxc5
Qxc5 54. Rf5+ Qxf5 55. Rxf5+ 1-0

[Event "Titled Tue 20th May Early"]
[Site "chess.com INT"]
[Date "2025.05.20"]
[Round "11"]
[White "Terlouw, Wouter"]
[Black "Sanhueza, Cristian"]
[Result "1-0"]
[WhiteTitle "CM"]
[BlackTitle "FM"]
[WhiteElo "2227"]
[BlackElo "2182"]
[WhiteFideId "1087401"]
[BlackFideId "116815"]
[EventDate "2025.05.20"]

1. e4 e5 2. Nf3 d5 3. exd5 e4 4. Ne5 Qxd5 5. d4 exd3 6. Nxd3 Nf6 7. Nc3 Qd8 8.
g3 Be7 9. Bg2 O-O 10. O-O Nc6 11. Be3 Nd4 12. Nf4 c5 13. Nce2 Nxe2+ 14. Qxe2 Bg4
15. Qb5 Qb6 16. Qxb6 axb6 17. Bxb7 Rad8 18. h3 Bf5 19. c3 g5 20. Ng2 h6 21. h4
Nd5 22. hxg5 hxg5 23. Rad1 Nxe3 24. Nxe3 Be6 25. Bd5 Bc8 26. a4 Kg7 27. Nc4 Rxd5
28. Rxd5 Bb7 29. Rd7 Bf3 30. Ne3 Rh8 31. Ng2 Bf6 32. Re1 g4 33. Rb7 Ra8 34. Rxb6
Rxa4 35. Ne3 Ra8 36. Nf5+ Kg6 37. Ne3 Rh8 38. Ng2 Rd8 39. Nf4+ Kf5 40. Rb5 Be7
41. Ng2 Bd6 42. b4 Rh8 43. bxc5 Bc7 44. c6+ Kf6 45. Rb7 Rc8 46. Ne3 Rh8 47. Ng2
Rc8 48. Ra7 Bb6 49. Ra6 Rxc6 50. Ne3 Kg6 51. c4 f5 52. Nd5 Bxd5 53. cxd5 Rd6 54.
Re6+ 1-0

[Event "Titled Tue 20th May Early"]
[Site "chess.com INT"]
[Date "2025.05.20"]
[Round "11"]
[White "Sabatier, Mathis"]
[Black "Omariev, Maksim"]
[Result "1-0"]
[WhiteTitle "CM"]
[BlackTitle "FM"]
[WhiteElo "2235"]
[BlackElo "2304"]
[WhiteFideId "26029685"]
[BlackFideId "4193423"]
[EventDate "2025.05.20"]

1. e4 c5 2. Nf3 d6 3. c3 Nf6 4. Be2 Nbd7 5. d3 b6 6. O-O Bb7 7. Re1 e5 8. Bf1
Be7 9. Nbd2 O-O 10. d4 exd4 11. cxd4 d5 12. e5 Ne4 13. Nxe4 dxe4 14. Nd2 cxd4
15. e6 Nf6 16. exf7+ Kh8 17. Nb3 d3 18. g3 Rxf7 19. Bg2 Qd7 20. Bg5 Re8 21. Rc1
h6 22. Bf4 Nd5 23. Be5 Bg5 24. Rxe4 Bxc1 25. Qxc1 Kg8 26. Bf4 Nxf4 27. Rxf4 Bxg2
28. Kxg2 Rxf4 29. Qxf4 Re2 30. Qc4+ Kh8 31. Nd4 Qe7 32. Nxe2 dxe2 33. Qc8+ Kh7
34. Qc2+ Kg8 35. Qc8+ Kf7 36. Qf5+ Ke8 37. Qc8+ Kf7 38. Qf5+ Qf6 39. Qd7+ Kg6
40. Qd3+ Kf7 41. Qxe2 Qc6+ 42. Qf3+ Qf6 43. Qxf6+ Kxf6 44. Kf3 Ke5 45. Ke3 Kd5
46. f4 Kc4 47. g4 b5 48. h4 a6 49. g5 Kd5 50. f5 Ke5 51. f6 gxf6 52. gxh6 Ke6
53. h7 Kf7 54. h8=Q 1-0

[Event "Titled Tue 20th May Early"]
[Site "chess.com INT"]
[Date "2025.05.20"]
[Round "11"]
[White "Fernandes, Rogerio Paulo Muller"]
[Black "Tiitta, Sauli"]
[Result "1-0"]
[WhiteElo "2241"]
[BlackElo "2157"]
[WhiteFideId "2101599"]
[BlackFideId "502251"]
[EventDate "2025.05.20"]

1. c4 g5 2. g3 Bg7 3. Bg2 c5 4. Nc3 d6 5. d3 g4 6. h3 h5 7. hxg4 hxg4 8. Rxh8
Bxh8 9. Bd2 Nc6 10. e3 Ne5 11. Qc2 Bf5 12. e4 Bd7 13. O-O-O a6 14. f4 gxf3 15.
Nxf3 b5 16. Nxe5 Bxe5 17. Bf4 Qa5 18. Bxe5 dxe5 19. Nd5 Rb8 20. b3 Be6 21. Qd2
Qxd2+ 22. Kxd2 Nf6 23. Nc7+ Kd7 24. Nxe6 Kxe6 25. Bh3+ Kd6 26. Ke3 Rg8 27. Kf3
Nh5 28. Bg4 Nf6 29. Bf5 e6 30. Bh3 Nh5 31. Rg1 Nf4 32. Bf1 Ng6 33. Rh1 Rh8 34.
Rxh8 Nxh8 35. Kg4 Ng6 36. Kg5 Ke7 37. Be2 Nf8 38. cxb5 axb5 39. a4 bxa4 40. bxa4
Nd7 41. a5 Nb8 42. Bd1 f6+ 43. Kg6 Na6 44. Ba4 f5 45. exf5 c4 46. dxc4 e4 47.
Bb5 e3 48. c5 Nxc5 49. a6 Nd7 50. a7 Nb6 51. f6+ Kf8 52. g4 e5 53. g5 e4 54. Kf5
Na8 55. g6 e2 56. Bxe2 e3 57. Ke6 Nb6 58. Bf3 1-0

[Event "Titled Tue 20th May Early"]
[Site "chess.com INT"]
[Date "2025.05.20"]
[Round "11"]
[White "Scheglov, Gleb"]
[Black "Punin, Andrii"]
[Result "1/2-1/2"]
[WhiteTitle "FM"]
[BlackTitle "FM"]
[WhiteElo "2318"]
[BlackElo "2289"]
[WhiteFideId "34356266"]
[BlackFideId "14112639"]
[EventDate "2025.05.20"]

1. f4 c5 2. Nf3 Nc6 3. g3 g6 4. Bg2 Bg7 5. O-O Nf6 6. d3 d5 7. Nc3 d4 8. Ne4
Nxe4 9. dxe4 Bg4 10. h3 Bxf3 11. exf3 e5 12. fxe5 Bxe5 13. f4 Bg7 14. e5 O-O 15.
c3 Qb6 16. Kh2 Rad8 17. Qb3 Na5 18. Qxb6 axb6 19. cxd4 Rxd4 20. Be3 Rd3 21. Rae1
Rfd8 22. Bc1 Bf8 23. Re2 c4 24. Rfe1 Bb4 25. Rf1 Bd2 26. Bxd2 Rxd2 27. Rff2 Rxe2
28. Rxe2 b5 29. a3 Rd3 30. g4 c3 31. bxc3 Rxc3 32. f5 gxf5 33. gxf5 Kf8 34. Rd2
Nc4 35. Re2 Rxa3 36. Bxb7 Re3 37. Ra2 Rxe5 38. f6 Nd6 39. Bc6 Ne8 40. Ra8 b4 41.
Rb8 Re6 42. Bd7 Re5 43. Kg3 b3 44. Kf4 Re1 45. Bxe8 Rxe8 46. Rxb3 Re6 47. Kg5
h6+ 48. Kf5 Re8 49. Rb7 Ra8 50. Kg4 Kg8 51. Kh5 Ra6 52. Kxh6 Rxf6+ 53. Kg5 Rg6+
54. Kf5 Kg7 55. h4 Rf6+ 56. Kg5 Rg6+ 57. Kf4 Rf6+ 58. Kg3 Rg6+ 59. Kh3 Rh6 60.
Ra7 Rg6 61. h5 Rh6 62. Kg4 Rb6 63. Ra4 Rb5 64. Kh4 Rc5 65. Rf4 Rd5 66. Rc4 Re5
67. Rd4 Rc5 68. Kg4 f6 69. Rd8 Rg5+ 70. Kh4 Ra5 71. Kg4 Rg5+ 72. Kh4 Ra5 73. Rb8
Kh6 74. Rh8+ Kg7 75. Rd8 Kh6 76. Kg4 Rg5+ 77. Kf4 Rxh5 78. Rh8+ Kg6 79. Rg8+ Kf7
80. Ra8 Rc5 81. Ke4 Kg6 82. Rg8+ Kf7 83. Ra8 Rh5 84. Kf4 Kg6 85. Rg8+ Kf7 86.
Ra8 1/2-1/2